header

Digital photography solutions (Record no. 29385)

MARC details
000 -LEADER
fixed length control field 01134nam a2200313Ia 4500
100 1# - MAIN ENTRY--AUTHOR NAME
Personal name Busch, David.
245 10 - TITLE STATEMENT
Title Digital photography solutions
260 ## - PUBLICATION, DISTRIBUTION, ETC. (IMPRINT)
Place of publication Indianapolis, IN :
Name of publisher Muska & Lipman Pub.,
Year of publication 2003.
300 ## - PHYSICAL DESCRIPTION
Number of Pages xii, 292 p.
490 1# - SERIES STATEMENT
Series statement Solutions
500 ## - GENERAL NOTE
General note Includes index.
650 #0 - SUBJECT ADDED ENTRY--TOPICAL TERM
Topical Term Photography
Topical Term Image processing
856 40 - ELECTRONIC LOCATION AND ACCESS
Uniform Resource Identifier http://site.ebrary.com/lib/rucke/Doc?id=10069602

No items available.

© 2026 Rongo University
Contact us: librarian | system librarian | Rongo university